| 000 | 00771nam a2200241 4500 | ||
|---|---|---|---|
| 001 | 44662 | ||
| 010 | _a9789722368438 | ||
| 021 |
_aPT _b492971/21 |
||
| 090 | _a44662 | ||
| 100 | _a20220725d2022 m y0pory50030103ba | ||
| 102 | _aPT | ||
| 200 | 1 |
_aA breve vida das flores _fValérie Perrin _gtrad. Maria de Fátima Carmo |
|
| 205 | _a6<U+00AA> ed | ||
| 210 | 9 |
_aLisboa _cEditorial Presença, _d2022 |
|
| 215 |
_a444 p. _d23 cm |
||
| 225 | 2 |
_aGrandes narrativas _v776 |
|
| 304 | _aTítulo orig.: Changer l'eau des fleurs | ||
| 675 |
_a821.133.1-3 _vBN _zpor |
||
| 700 | 1 |
_aPerrin, _bValérie, _f1967- |
|
| 702 | 1 |
_aCarmo, _bMaria de Fátima |
|
| 801 | 0 |
_aPT _bBN _gRPC |
|
| 856 | 4 | 1 | _uhttp://rnod.bnportugal.gov.pt/ImagesBN/winlibimg.aspx?skey=&doc=2105864&img=168237&save=true |
| 990 | _cLIVROS | ||